000
00263 a2200109 4500
001
51234
082
_a
006.3221 DRE
090
_c
32426
_d
32426
100
_a
Dreyfus,G
245
_a
Neural Networks: Methodology and applications
260
_a
Germany
_b
Springer
942
_a
NUST-CAE
_k
006.3221 DRE
999
_c
286307
_d
286307